Antología / (Registro nro. 12848)

000 -CABECERA
campo de control de longitud fija 01661cam a2200313 a 4500
001 - NÚMERO DE CONTROL
campo de control 49061
003 - IDENTIFICADOR DEL NÚMERO DE CONTROL
campo de control OSt
005 - FECHA Y HORA DE LA ÚLTIMA TRANSACCIÓN
campo de control 20210126165308.0
008 - DATOS DE LONGITUD FIJA--INFORMACIÓN GENERAL
campo de control de longitud fija 020912s2001 ck r 00001dspa d
015 ## - NÚMERO DE BIBLIOGRAFÍA NACIONAL
Número de bibliografía nacional ck-2001-xxxx
020 ## - NÚMERO INTERNACIONAL ESTÁNDAR DEL LIBRO
Número Internacional Estándar del Libro 9789583600753
035 ## - NÚMERO DE CONTROL DEL SISTEMA
Número de control de sistema AHM3655 LA
040 ## - FUENTE DE LA CATALOGACIÓN
Centro catalogador/agencia de origen la
Centro/agencia transcriptor la
041 0# - CÓDIGO DE LENGUA
Código de lengua del texto/banda sonora o título independiente spa
043 ## - CÓDIGO DE ÁREA GEOGRÁFICA
Código de área geográfica s-ck---
082 04 - NÚMERO DE LA CLASIFICACIÓN DECIMAL DEWEY
Número de clasificación AC
Número de documento/Ítem CEPE
100 1# - ENTRADA PRINCIPAL--NOMBRE DE PERSONA
Nombre de persona Cepeda Samudio, Alvaro,
Fechas asociadas al nombre 1926-1972.
245 10 - MENCIÓN DE TÍTULO
Título Antología /
Mención de responsabilidad, etc. Alvaro Cepeda Samudio ; selección y prólogo de Daniel Samper Pizano.
260 ## - PUBLICACIÓN, DISTRIBUCIÓN, ETC.
Lugar de publicación, distribución, etc. Bogotá :
Nombre del editor, distribuidor, etc. El Ancora Editores,
Fecha de publicación, distribución, etc. 2001.
300 ## - DESCRIPCIÓN FÍSICA
Extensión 219 p ;
Dimensiones 23 cm.
500 ## - NOTA GENERAL
Nota general Pocos son los conocedores de Cepeda -de su obra o de su vida- que no hayan pensado alguna vez en que el suyo fue un talento un poco desperdiciado, al menos diseminado, de todos modos mal invertido. Ellos lo imaginan sentado largas tardes en un estudio frente a su máquina de escribir, sin tomarse un trago, sin flirtear con una gringa, sin fumarse un tabaco, sin pelear con nadie ni dar gritos, y suponen que, de haber sostenido una disciplina de trabajo similar, habría producido las más grandes obras de la literatura contemporánea en Colombia. La suposición es demasiado teórica para que valga la pena tenerla en cuenta. Porque la verdad es que Cepeda producía, no a pesar del maremoto vital que bullía en su talento, sino tal vez gracias a él.
600 16 - PUNTO DE ACCESO ADICIONAL DE MATERIA--NOMBRE DE PERSONA
Nombre de persona Cepeda Samudio, Alvaro,
Fechas asociadas al nombre 1926-1972
Subdivisión de forma Colecciones de escritos.
650 ## - PUNTO DE ACCESO ADICIONAL DE MATERIA--TÉRMINO DE MATERIA
Término de materia o nombre geográfico como elemento de entrada Literatura colombiana.
650 ## - PUNTO DE ACCESO ADICIONAL DE MATERIA--TÉRMINO DE MATERIA
Término de materia o nombre geográfico como elemento de entrada Reportajes colombianos.
650 #6 - PUNTO DE ACCESO ADICIONAL DE MATERIA--TÉRMINO DE MATERIA
Término de materia o nombre geográfico como elemento de entrada Cuentos colombianos.
700 1# - PUNTO DE ACCESO ADICIONAL--NOMBRE DE PERSONA
Nombre de persona Samper Pizano, Daniel,
Fechas asociadas al nombre 1945-
942 ## - ELEMENTOS DE PUNTO DE ACCESO ADICIONAL (KOHA)
Fuente del sistema de clasificación o colocación
Tipo de ítem Koha Libro Literatura
949 ## - PROCESAMIENTO DE INFORMACIÓN LOCAL (OCLC)
a c
b c
Existencias
Estado de retiro Estado de pérdida Fuente del sistema de clasificación o colocación Estado dañado No para préstamo Código de colección Localización permanente Ubicación/localización actual Fecha de adquisición Fuente de adquisición Número de inventario Total de préstamos Renovaciones totales Signatura topográfica completa Código de barras Fecha visto por última vez Fecha del último préstamo Número de copia Precio válido a partir de Tipo de ítem Koha Nota pública
          Literatura Adulto Biblioteca Pública San Juan Bosco Biblioteca Pública San Juan Bosco 26/01/2021 Compra nt 1 1 AC CEPE MOS500533 01/09/2023 11/08/2023 ej 1 26/01/2021 Libro Literatura Quince dias
          Literatura Adulto Biblioteca Pública San Juan Bosco Biblioteca Pública San Juan Bosco 26/01/2021 Compra nt 3   AC CEPE MOS500534 03/05/2021 24/04/2021 ej 2 26/01/2021 Libro Literatura Quince dias

© Todos los derechos reservados para la Biblioteca Pública Municipal San Juan Bosco, 2020
Secretaria de Cultura de Mosquera
Carrera 3 N° 10 Esquina Centro Cultural Barrio El Carmén Teléfono: 8270830 Ext: 34
Funcionando con KOHA
Contacto: Biblioteca Pública Municipal San Juan Bosco/ bibliotecasanjuanbosco@mosquera-cundinamarca.gov.co
Mosquera, Cundinamarca